000 00706nam a2200181Ia 4500
008 100921s9999 xx 000 0 und d
082 _b34260
_a120 न 01
100 _aस्वामी दत्तावधूत.
245 _aअमरत्वाकडे वाटचाल.
260 _bवनिता प्रकाशन,मुंबई.
_c2001
300 _a103
_bराव उमेश
365 _b60
520 _aतत्वज्ञान-जीवन-मरण.
630 _aअमरत्वाकडे वाटचाल.
650 _aतत्वज्ञान-जीवन-मरण.
730 _aअमरत्वाकडे वाटचाल.
942 _cBOOK
999 _c783373
_d783370